Arzneimittewirkungen Lehrbuch der Pharmakologie und Toxikologie

Bibliographic Details
Main Author: Borovanský, Alois, 1922-2019 (Author)
Format: Article
Language:Slovak
Czech
Subjects:

MARC

LEADER 00000nab a2200000 a 4500
001 vtls000822715
003 SK-MaSNL
005 20260304142840.0
008 250505c2002 xo 0 slo
015 |a SNBRB2003/01-01280 
035 |a CLN000174370 
035 |a urn:nbn:sk:snk-ab1pdw 
035 |a (urnnbn)urn:nbn:sk:snk:ar-004ujw 
035 |a (uuid)afe5661e-0bfd-4479-8dc7-c93ef7552db8 
040 |a SNKBUCL  |b slo  |c SNKBUCL  |e AACR2 
041 0 |a cze 
044 |a xo  |c SK 
080 |a 615.013.03.099(048)  |2 1997 
080 |a 615.9(048)  |2 1997 
100 1 |a Borovanský, Alois,  |d 1922-2019  |4 aut  |9 224490 
245 1 0 |a Arzneimittewirkungen Lehrbuch der Pharmakologie und Toxikologie  |c A. Borovanský 
650 0 7 |a farmakológia  |2 SNKPH  |9 2468 
650 0 7 |a toxikológia  |2 SNKPH  |9 2607 
655 7 |a články z novín a časopisov  |2 snkbucl  |9 267496 
773 0 |t Farmaceutický obzor  |g Roč. 71, č. 11 (2002), s. 306  |x 0014-8172 
787 0 8 |i Rec.:  |a Mutschler, E.  |t Arzneimittelwirkungen Lehrbuch der Pharmakologie und Toxikologie  |d Stuttgart : Wissenschlaftliche Verlagsgesellschaft, 2001 
850 |a Slovenská národná knižnica 
852 |a Slovenská národná knižnica 
954 |a odborná, vedecká literatúra cudzojazyčná (svetová)  |2 lita 
954 |a odborná, vedecká literatúra pôvodná (slovenská)  |2 lita 
958 |a article27 
958 |a OND 
958 |a MI 
958 |a RC 
958 |a DE 
958 |a EUIPO 
992 |a RBX 
999 |c 2923321  |d 2925251